Statistiques concernant Acteurs de Je verrai toujours vos visages par images

Cliquez ici pour prendre le quiz!

Statistiques générales

  • Ce quiz a été pris 39 fois
  • Le résultat moyen est 6 sur 13

Statistiques - réponses

Réponse% Correct
Adèle Exarchopoulos
94%
Leïla Bekhti
94%
Gilles Lellouche
89%
Miou-Miou
61%
Fred Testot
50%
Jean-Pierre Darroussin
44%
Denis Podalydès
33%
Élodie Bouchez
33%
Raphaël Quenard
31%
Jeanne Herry
28%
Birane Ba
11%
Dali Benssalah
11%
Suliane Brahim
6%

Distribution des résultats

Percentile par nombre de réponses

% des personnes avec chaque résultat

Votre développement - résultats

Vous n’avez pas pris ce quiz